000 00806nam0a22002411 4500
001 rc\811391
005 20250622001537.0
035 _a(NLR Aleph) 005994708
090 _a7165024
_c7165024
100 _a20041129d1984 |||y0rusy50 ca
101 0 _arus
102 _aRU
105 _aa |||||||||
200 1 _aСоздание и исследование новых строительных материалов
_e[Сб. ст.
_fРед. А.И. Кудяков]
210 _aТомск
_cИзд-во Том. ун-та
_d1984
215 _a117 с.
_cил.
_d20
320 _aБиблиогр. в конце ст.
702 1 _aКудяков
_bА.И.
_gАлександр Иванович
_4340
801 0 _aRU
_bNLR
_gpsbo
801 1 _aRU
_bELAR
_2rusmarc
852 _aNLR
_j85-3/2532
942 _cBOOK
980 _aNB